000 00541nam a22001697a 4500
003 SGT
020 _a9788180522192
082 _a658.3,MOS
100 _aMOSHAL, B. S.
245 _aORGANISATIONAL THEORY AND BEHAVIOR
_bTEXT AND CASES
250 _a2ND
260 _aNEW DELHI
_bANE BOOKS PVT. LTD.
_c2009
300 _a640
650 _aMANAGEMENT
653 _aORGANISATION AN OVERVIEW,ORGANISATIONAL OBJECTIVE, ORGANISATION AND SOCIAL RESPONSIBILITY, BUSINESS ENVIRONMENT,INTRODUCTION TO ORGANISATIONAL BEHAVIOR
942 _2ddc
_cFCM
_07
999 _c9082
_d9082